Fr. Conceicao Rodrigues College of Engineering

Wireless Networks (Record no. 20901)

MARC details
000 -LEADER
fixed length control field 00289nam a2200145Ia 4500
082 ## - DEWEY DECIMAL CLASSIFICATION NUMBER
Item number NIC
100 ## - MAIN ENTRY--PERSONAL NAME
Personal name Nicipolitidis/ P
245 ## - TITLE STATEMENT
Title Wireless Networks
260 ## - PUBLICATION, DISTRIBUTION, ETC.
Name of publisher, distributor, etc. Wiley student ed.
Date of publication, distribution, etc. 2003
300 ## - PHYSICAL DESCRIPTION
Extent 405
546 ## - LANGUAGE NOTE
Language note ENGLISH
650 ## - SUBJECT ADDED ENTRY--TOPICAL TERM
Topical term or geographic name entry element Wireless
942 ## - ADDED ENTRY ELEMENTS (KOHA)
Koha item type BOOK
Holdings
Withdrawn status Lost status Damaged status Not for loan Collection Home library Current library Date acquired Total Checkouts Full call number Barcode Date last seen Price effective from Koha item type
        CRC Fr. Agnel's C.Rodrigues College of Engineering Fr. Agnel's C.Rodrigues College of Engineering 17/03/2023   NIC 23129 17/03/2023   BOOK